000 00277nam a2200133Ia 4500
100 _aBhola/ Bhola
942 _cBK
654 _acalculus
245 _aDifferential Calculus I
260 _bCampus Publications
_c2001
082 _a515.3
300 _a336
546 _aENGLISH
999 _c20383
_d20383